| 000 | 00926nam0a22002771 4500 | ||
|---|---|---|---|
| 001 | rc\4372384 | ||
| 005 | 20130416142750.6 | ||
| 021 |
_aRU _b[63-65097] |
||
| 035 | _a(NLR Aleph) 008541635 | ||
| 090 |
_a8350672 _c8350672 |
||
| 100 | _a20130416d1963 |||y0rusy50 ca | ||
| 101 | 1 |
_arus _cgeo |
|
| 102 | _aRU | ||
| 105 | _aa z ||||| | ||
| 200 | 1 |
_aГрузинская графика _fПод ред. У. Джапаридзе _gПер. с груз. Т. Джапаридзе |
|
| 210 |
_aТбилиси _cЛитература и искусство _d1963 |
||
| 215 |
_a123 с. _cил. _d24 |
||
| 606 |
_aГрузинская графика _2psbo |
||
| 700 | 1 |
_aГордезиани _bБ. П. _gБено Павлович |
|
| 702 | 1 |
_aДжапаридзе _bУ. _4340 |
|
| 702 | 1 |
_aДжапаридзе _bТ. _4730 |
|
| 801 | 0 |
_aRU _bNLR _gpsbo |
|
| 801 | 1 |
_aRU _bELAR _2rusmarc |
|
| 852 |
_aNLR _j63-7/2493 |
||
| 942 | _cBOOK | ||
| 980 | _aNB | ||